000 01131nam a2200313Ia 4500
001 Para_9070
003 CHAP
008 220125s2005 xx 000 0 und d
010 _a205839
040 _cCHAP
090 _aPA TESIS 1929
100 _aPeralta Juárez, Antonio
_987032
245 _aControl de Bemisia tabaci Genn. (Homóptera :
_bAleyrodidae) con los bioinsecticidas BIO-Die y BIO-Stick en el cultivo del jitomate (L. esculentum Mill.) en totolapan, Morelos /
_c por Antonio Peralta Juárez
260 _aChapingo, Méx. :
_b el autor
300 _a63 h.
502 _aTesis (Ing. Agr. Esp. en Parasitología Agrícola) -- UACh. Departamento Parasitología Agrícola
650 _aBemisia tabaci
_911496
650 _aBioinsecticidas
_x pruebas
_9171964
650 _aInsecticidas
_x análisis
_958856
650 _aTomate
_x plagas
_9113748
710 _aUACh. Departamento Parasitología Agrícola
_9164025
901 _aPA TESIS 1929
902 _aA
905 _a0000002005 mx din 0000000000sp 00
910 _a2005
942 _cPARA
942 _cPARA
_d2
999 _c205839
_d205839